01066cam a2200277 a 4500001000500000005001700005020001800022040002300040050002500063082001200088100002800100245011700128250001800245260003000263300004800293490001600341500016900357505000700526520010800533521002600641521001700667650001700684650001400701700004200715700003100757216020231110110911.0 a9780061561870 aDLCcDLCdDLCbeng00aPZ7.F85927bBat 200800a4892221 aFrantz, Jenniferd1976-10aBatman saves the day /cadapted by Jennifer Frantz ; pencils by Cameron Stewart ; digital paints by Dave McCaig. aFirst Edition aNew York :bHarper,c2008 a17 unnumbered pages :bIllustrationsc21 cm0 aDark knight a"Inspired by the film The Dark Knight, screenplay by Jonathan Nolan and Christopher Nolan, story by Christopher Nolan & David S. Goyer, Batman created by Bob Kane." aJ  aWhen the Joker crashes his birthday party and starts stealing from the guests, Batman has to act fast.  a600 bLexile estimate aJ bRaz-Plus aSuper heroes aVigilante1 aStewart, Camerond1976?-eIllustrator1 aMcCaig, Dave.eIllustrator